书目信息 |
| 题名: |
资本主义经济危机对话
|
|
| 作者: | ;《资本主义经济危机对话》编写组 编 | |
| 分册: | ||
| 出版信息: | 上海 上海人民出版社 |
|
| 页数: | 114页 | |
| 开本: | 20cm | |
| 丛书名: | ||
| 单 册: | ||
| 中图分类: | F037 | |
| 科图分类: | ||
| 主题词: | 资本主义社会--生产方式 | |
| 电子资源: | ||
| ISBN: | ||
| 000 | 00696nam0 2200205 450 | |
| 001 | 0652090983 | |
| 005 | 20061025143037.31 | |
| 010 | @dCNY0.25 | |
| 100 | @a20061025d km y0chiy0120 ea | |
| 101 | 0 | @achi |
| 102 | @aCN@b310000 | |
| 102 | @aCN@b310000 | |
| 200 | 1 | @a资本主义经济危机对话@Azi ben zhu yi jing ji wei ji dui hua@f《资本主义经济危机对话》编写组编@F《zi ben zhu yi jing ji wei ji dui hua》bian xie zu bian |
| 210 | @a上海@c上海人民出版社 | |
| 215 | @a114页@d20cm | |
| 606 | 0 | @a资本主义社会@x生产方式 |
| 690 | @aF037@v3 | |
| 711 | 0 | @a《资本主义经济危机对话》编写组@A《zi ben zhu yi jing ji wei ji dui hua》bian xie zu@4编 |
| 801 | 0 | @aCN@bPFT@c20061025 |
| 905 | @a10447@dF037@e1-1 | |
| 资本主义经济危机对话/《资本主义经济危机对话》编写组编.-上海:上海人民出版社 |
| 114页;20cm |
| ISBN :CNY0.25 |
| ● |
| 相关链接 |
|
|
|
|
正题名:资本主义经济危机对话
索取号:F037/1-1
 
预约/预借
| 序号 | 登录号 | 条形码 | 馆藏地/架位号 | 状态 | 备注 |
| 1 | 0001202 | 001271796 | 第一样本阅览室/ [索取号:F037/1-1] | 在馆 |